An introduction to English phonetics / (Record no. 19630)

MARC details
000 -LEADER
fixed length control field 01235cam a2200361 i 4500
001 - CONTROL NUMBER
control field 19753600
003 - CONTROL NUMBER IDENTIFIER
control field OSt
005 - DATE AND TIME OF LATEST TRANSACTION
control field 20230510111319.0
008 - FIXED-LENGTH DATA ELEMENTS--GENERAL INFORMATION
fixed length control field 170622t20172017stka b 001 0 eng
010 ## - LIBRARY OF CONGRESS CONTROL NUMBER
LC control number 2016286632
020 ## - INTERNATIONAL STANDARD BOOK NUMBER
International Standard Book Number 9781474411752 (hardcover)
020 ## - INTERNATIONAL STANDARD BOOK NUMBER
International Standard Book Number 9781474411769 (paperback)
020 ## - INTERNATIONAL STANDARD BOOK NUMBER
International Standard Book Number 9781474411776 (webready PDF)
020 ## - INTERNATIONAL STANDARD BOOK NUMBER
Canceled/invalid ISBN 9781474411783 (epub)
040 ## - CATALOGING SOURCE
Original cataloging agency DLC
Language of cataloging eng
Description conventions rda
Transcribing agency DLC
Modifying agency DLC
042 ## - AUTHENTICATION CODE
Authentication code pcc
050 00 - LIBRARY OF CONGRESS CALL NUMBER
Classification number PE1135
Item number .O34 2017
100 1# - MAIN ENTRY--PERSONAL NAME
Personal name Ogden, Richard,
Relator term author.
245 13 - TITLE STATEMENT
Title An introduction to English phonetics /
Statement of responsibility, etc. Richard Ogden.
250 ## - EDITION STATEMENT
Edition statement 2nd ed.
264 #1 - PRODUCTION, PUBLICATION, DISTRIBUTION, MANUFACTURE, AND COPYRIGHT NOTICE
Place of production, publication, distribution, manufacture Edinburgh :
Name of producer, publisher, distributor, manufacturer Edinburgh University Press,
Date of production, publication, distribution, manufacture, or copyright notice 2017
300 ## - PHYSICAL DESCRIPTION
Extent xv, 221 p.
336 ## - CONTENT TYPE
Content type term text
Content type code txt
Source rdacontent
336 ## - CONTENT TYPE
Content type term still image
Content type code sti
Source rdacontent
337 ## - MEDIA TYPE
Media type term unmediated
Media type code n
Source rdamedia
338 ## - CARRIER TYPE
Carrier type term volume
Carrier type code nc
Source rdacarrier
490 0# - SERIES STATEMENT
Series statement Edinburgh textbooks on the English language
504 ## - BIBLIOGRAPHY, ETC. NOTE
Bibliography, etc Includes bibliographical references and index.
650 #0 - SUBJECT ADDED ENTRY--TOPICAL TERM
Topical term or geographic name as entry element English language
General subdivision Phonetics.
906 ## - LOCAL DATA ELEMENT F, LDF (RLIN)
a 7
b cbc
c origres
d 2
e ncip
f 20
g y-gencatlg
942 ## - ADDED ENTRY ELEMENTS (KOHA)
Source of classification or shelving scheme Library of Congress Classification
Koha item type General Collection
Holdings
Withdrawn status Lost status Source of classification or shelving scheme Not for loan Home library Current library Date acquired Cost, normal purchase price Total Checkouts Full call number Barcode Date last seen Date last checked out Price effective from Koha item type Total Renewals
    Library of Congress Classification   Kabarak, Main Campus Kabarak, Main Campus 04/10/2022 3131.00 1 PE1135 .O34 2017 c.1 032132 01/12/2022 22/11/2022 04/10/2022 General Collection  
    Library of Congress Classification   Kabarak, Main Campus Kabarak, Main Campus 04/10/2022 3131.00 5 PE1135 .O34 2017 c.2 032133 16/03/2026 27/02/2026 04/10/2022 General Collection 2
    Library of Congress Classification   Kabarak, Main Campus Kabarak, Main Campus 04/10/2022 3131.00 1 PE1135 .O34 2017 c.3 032503 26/10/2023 09/10/2023 04/10/2022 General Collection  
Designed with assistance from East African Informatics Ltd